| 000 | 00350nam a2200145Ia 4500 | ||
|---|---|---|---|
| 008 | 230917s9999||||xx |||||||||||||| ||und|| | ||
| 040 |
_e200391 _aMAIN |
||
| 041 | _aEnglish | ||
| 082 | _a307.772 R187B | ||
| 100 | _aRatnagar, Shereen | ||
| 245 | 0 | _aBeing tribal | |
| 260 |
_aNew Delhi _bPrimus Books _c2010 |
||
| 300 | _axiii, 111 p. | ||
| 942 | _cBK | ||
| 999 |
_c170537 _d170537 |
||